Countries Once Held by Denmark - Statistics

General Stats
  • This quiz has been taken 2,178 times
  • The average score is 9 of 13
Answer Stats
Country % Correct
Norway
98%
Sweden
98%
Germany
96%
United Kingdom
93%
Finland
92%
Iceland
90%
Russia
82%
Estonia
79%
United States
79%
Denmark
63%
India
31%
Ghana
28%
Bangladesh
10%
No matching quizzes found
Score Distribution
Percent of People with Each Score
Percentile by Number Answered
Your Score History
You have not taken this quiz